000 03237nkm0a2200493 4500
001 RU\NLR\BIBL_A\011781342
005 20260204000000.0
010 _d1 р. 50 коп.
020 _aRU
_b895/12
_9ЛЕНИНГРАД В ВЕЛИКОЙ ОТЕЧЕСТВЕННОЙ ВОЙНЕ: Печать Ленинграда, 1941 - 1945: каталог изданий, хранящихся в фондах Государственной Публичной библиотеки, вып.2. Листовки,плакаты,открытки,альбомы/Гос.публ.б-ка им.М.Е.Салтыкова-Щедрина. - Ленинград,1972
035 _a(NLR Aleph) 011781342
090 _a76359
_c76359
100 _a20180903d1941 m y0rusy50 ca
101 0 _arus
102 _aRU
116 _adiycxx bi ad
135 _acrcn 024anaba
200 1 _aУмей распознавать врага - храни родные берега
_eна параходе красный крест, но заявляем наш протест...
_b[Плакат]
_fХудож. Н. Муратов, В. Тамби; авт. текста Н. Дилакторская
_gЛенинградский союз советских художников
210 _aЛ.
_cЛССХ
_d[1941]
215 _a1 л.
_cхромолитогр.
_d61x42 см
225 2 _aБоевой карандаш
_e[Серия плакатов]
_h№ 12
325 _aКопия доступна в электронной библиотеке РНБ
517 1 _aНа параходе красный крест, но заявляем наш протест...
540 1 _aДля хирургической работы не допускаем пулеметы...
606 1 _aБлокада Ленинграда
_z1941 - 1944
_jПлакаты
_2nlr_sh1
_2nlr_sh2
_3RU\NLR\AUTH\661253360
608 _aПлакаты общественно-политические
_2nlr_sh2
610 0 _aПлакаты
610 2 _aЛенинградский союз советских художников
702 1 _aМуратов
_bН. Е.
_cхудожник, карикатурист
_f1908-ок.1992
_gНиколай Евгеньевич
_3RU\NLR\AUTH\770127670
_4040
702 1 _aТамби
_bВ. А.
_cхудожник
_f1906-1955
_gВладимир Александрович
_3RU\NLR\AUTH\77122800
_4040
702 1 _aДилакторская
_bН.Л.
_f1904-1989
_gНаталья Леонидовна
_3RU\NLR\AUTH\7723904
_4070
712 0 2 _aЛенинградский союз советских художников
_3RU\NLR\AUTH\889984698
_4570
801 2 _aRU
_bNLR
_c20140815
_2rusmarc
852 _aNLR
_bЛ3-310 п
_j29/2-2-12
856 0 _uhttp://vivaldi.nlr.ru/la000070382/view
856 1 _uhttp://vivaldi.nlr.ru/la000070382/cover
856 2 _uhttp://vivaldi.nlr.ru/la000070382/text
942 _cVISUAL
945 _aРоссийская национальная библиотека
980 _aNB
980 _aBV
981 3 7 _a(37) Ленинград в Великой Отечественной войне
981 1 7 _a(17) Изографические материалы
_b(17) Плакаты